Southville International School and Colleges
Your cart is empty.
  • Cart
  • Lists
    Public lists Eva Luna New books Lux_list list_1
    Your lists Log in to create your own lists
  • Log in to your account
  • Your cookies
  • Search history
Southville International School and Colleges
  • Advanced search
  • Recent comments
  • Most popular
  • Libraries

Log in to your account

Log in with GOOGLE


If you do not have an external account, but do have a local account, you can still log in:

  1. Home
  2. MARC view: Globalized freight transport :
Normal view MARC view ISBD view

Globalized freight transport : (Record no. 356986)

[ view plain ]
MARC details
000 -LEADER
fixed length control field 00819nam a2200265Ia 4500
008 - FIXED-LENGTH DATA ELEMENTS--GENERAL INFORMATION
fixed length control field 180523s9999 xx 000 0 und d
020 ## - INTERNATIONAL STANDARD BOOK NUMBER
International Standard Book Number 978-1-84542-502-9
050 ## - LIBRARY OF CONGRESS CALL NUMBER
Classification number MAIN HE 199.A2
050 ## - LIBRARY OF CONGRESS CALL NUMBER
Item number .G56 2007
245 #0 - TITLE STATEMENT
Title Globalized freight transport :
245 #0 - TITLE STATEMENT
Remainder of title intermodality, e-commerce, logistics and sustainability /
245 #0 - TITLE STATEMENT
Statement of responsibility, etc edited by Thomas R. Leinbach, Cristina Capineri.
260 ## - PUBLICATION, DISTRIBUTION, ETC. (IMPRINT)
Place of publication, distribution, etc USA :
260 ## - PUBLICATION, DISTRIBUTION, ETC. (IMPRINT)
Name of publisher, distributor, etc Edward Elgar,
260 ## - PUBLICATION, DISTRIBUTION, ETC. (IMPRINT)
Date of publication, distribution, etc 2007
300 ## - PHYSICAL DESCRIPTION
Extent 287 pages :
300 ## - PHYSICAL DESCRIPTION
Dimensions 24 cm.
440 ## - SERIES STATEMENT/ADDED ENTRY--TITLE
Title Transport economics, management and policy.
500 ## - GENERAL NOTE
General note Includes index.
650 ## - SUBJECT ADDED ENTRY--TOPICAL TERM
Topical term or geographic name as entry element Business logistics.
650 ## - SUBJECT ADDED ENTRY--TOPICAL TERM
Topical term or geographic name as entry element Freight and freightage -- North America.
650 ## - SUBJECT ADDED ENTRY--TOPICAL TERM
Topical term or geographic name as entry element Freight and freightage.
650 ## - SUBJECT ADDED ENTRY--TOPICAL TERM
General subdivision Freight and freightage -- Europe.
650 ## - SUBJECT ADDED ENTRY--TOPICAL TERM
General subdivision Transportation.
Holdings
Withdrawn status Lost status Damaged status Home library Current library Shelving location Date acquired Total Checkouts Full call number Barcode Date last seen Price effective from Koha item type
      South Mansfield College South Mansfield College   11/16/2012   MAIN HE 199.A2 .G56 2007 SMC05778 05/23/2018 05/23/2018  

Globalized freight transport :

APA

Globalized freight transport. USA: .

Chicago

Globalized freight transport. USA: .

Harvard

Globalized freight transport. USA: .

MLA

USA: . .

  • Place hold
  • Print
  • Cite
  • Add to your cart (remove)
  • Save record
    BIBTEX Dublin Core MARCXML MARC (non-Unicode/MARC-8) MARC (Unicode/UTF-8) MARC (Unicode/UTF-8, Standard) MODS (XML) RIS
  • More searches
    Search for this title in:
    Other Libraries (WorldCat) Other Databases (Google Scholar) Online Stores (Bookfinder.com) Open Library (openlibrary.org)

Exporting to Dublin Core...

SOUTHVILLE LIBRARY

Southville International School and Colleges Library

1281 Tropical Ave. Cor. Luxembourg St., BF Homes International, Las Pinas City

Tel. No. 8256374 / 252358 Loc. 117/146

Powered by Koha